000 00832cam a2200229 4500
001 WB3735-04
008 010920n2001 000 0 eng u
035 _a(Sirsi) u114663
245 _aFire resistance will add cost
260 _c2001
490 _aConstruction News
_v(6374) 20 September, 2001 4(1)
520 _aStructural engineers warn that changes to the design code forskyscrapers to make them more fire resistant could lead to a great increase in costs. The DTLR say it is too early to tell if changes are needed to UK building regulations.
590 _aWB
650 _aFIRE REGULATIONS
650 _aFIRE RESISTANCE
650 _aWORLD TRADE CENTER
650 _aSKYSCRAPERS
650 _aSTRUCTURAL ENGINEERS
650 _aTALL BUILDINGS
690 _aBUILT ENVIRONMENT-CONSTRUCTION DESIGN
942 _n0
999 _c68317
_d68317